Pakistan & Constituent Assembly. (Record no. 81278)

MARC details
000 -LEADER
fixed length control field 00613cam a22002051 4500
001 - CONTROL NUMBER
control field sa 68006357
003 - CONTROL NUMBER IDENTIFIER
control field DLC
005 - DATE AND TIME OF LATEST TRANSACTION
control field 20260227112516.0
008 - FIXED-LENGTH DATA ELEMENTS--GENERAL INFORMATION
fixed length control field 710915s1946 pk 00000 eng
010 ## - LIBRARY OF CONGRESS CONTROL NUMBER
LC control number sa 68006357 //r82
043 ## - GEOGRAPHIC AREA CODE
Geographic area code a-ii---
050 0# - LIBRARY OF CONGRESS CALL NUMBER
Classification number DS480.45
Item number .I35
100 00 - MAIN ENTRY--PERSONAL NAME
Personal name Iftikhar-ul-Haq.
245 10 - TITLE STATEMENT
Title Pakistan & Constituent Assembly.
Statement of responsibility, etc. With a foreword by Iftikhar Husain Khan.
260 0# - PUBLICATION, DISTRIBUTION, ETC.
Place of publication, distribution, etc. Lahore,
Name of publisher, distributor, etc. Young People Pub. Bureau,
Date of publication, distribution, etc. 1946.
300 ## - PHYSICAL DESCRIPTION
Extent viii, 155 p.
Dimensions 19 cm.
651 #0 - SUBJECT ADDED ENTRY--GEOGRAPHIC NAME
Geographic name India
General subdivision Politics and government
Chronological subdivision 1919-1947.
650 #0 - SUBJECT ADDED ENTRY--TOPICAL TERM
Topical term or geographic name entry element Muslims
Geographic subdivision India.
650 #0 - SUBJECT ADDED ENTRY--TOPICAL TERM
Topical term or geographic name entry element Nationalism
Geographic subdivision India.

No items available.

Powered by Koha